Celtics Players by Picture - Statistics

General Stats
  • This quiz has been taken 13 times
  • The average score is 9 of 20
Answer Stats
Picture Answer % Correct
Brian Scalabrine
78%
Bob Cousy
67%
Marcus Morris
67%
Nate Robinson
67%
Tacko Fall
67%
Daniel Theis
56%
Delonte West
56%
Evan Fournier
56%
Glen Davis
56%
Jordan Walsh
56%
Kelly Olynyk
56%
Kendrick Perkins
56%
Gerald Green
44%
Jermaine O'neal
33%
Carsen Edwards
22%
Dalano Banton
22%
Semi Ojeleye
11%
Brandon Bass
0%
Jonas Jerebko
0%
Mickael Pietrus
0%
No matching quizzes found
Score Distribution
Percent of People with Each Score
Percentile by Number Answered
Your Score History
You have not taken this quiz